FC 26 Fantasy FC - Statistics

General Stats
  • This quiz has been taken 8 times
    2 since last reset
  • The average score is 51 of 115
Answer Stats
rat pos club PLayer % Correct
Fantasy FC 89 RM West Ham Adama Traoré
100%
Fantasy FC 90 LW Manchester City Antoine Semenyo
100%
Fantasy FC 92 RM Real Madrid Arda Güler
100%
Fantasy FC 89 LB Strasbourg Ben Chilwell
100%
Fantasy FC 92 CAM Manchester United Bruno Fernandes
100%
Fantasy FC 88 LB Bayern Frauen Carolin Simon
100%
Fantasy FC 92 CAM Chelsea Cole Palmer
100%
Fantasy FC 90 ST VfB Stuttgart Deniz Undav
100%
Fantasy FC 89 ST AS Roma Donyell Malen
100%
Fantasy FC 90 CDM Aston Villa Douglas Luiz
100%
Fantasy FC 90 RW Marseille Ethan Nwaneri
100%
Fantasy FC 92 CAM Liverpool Florian Wirtz
100%
Fantasy FC 89 RB FC Barcelona João Cancelo
100%
Fantasy FC 91 CAM Al-Nassr João Félix
100%
Fantasy FC 91 RM Chelsea Women Lauren James
100%
Fantasy FC 89 LB Atlético Madrid Matteo Ruggeri
100%
Fantasy FC 90 RM Al-Ittihad Moussa Diaby
100%
Fantasy FC 89 LW Galatasaray Noa Lang
100%
Fantasy FC 90 CB Juventus Pierre Kalulu
100%
Fantasy FC 92 ST AC Milan Rafael Leão
100%
Fantasy FC 89 CAM SC Braga Ricardo Horta
100%
Fantasy FC 91 ST FC Barcelona Robert Lewandowski
100%
Fantasy FC 91 LW Barça Femení Selma Paralluelo
100%
Fantasy FC 88 CB Brentford Sepp van den Berg
100%
Fantasy FC 89 LW OL Lyonnes Tabitha Chawinga
100%
Fantasy FC 92 CM Manchester City Tijjani Reijnders
100%
Fantasy FC 90 GK Athletic Bilbao Unai Simón
100%
Fantasy FC 89 ST Benfica Vangelis Pavlidis
100%
Fantasy FC 92 ST Arsenal Viktor Gyökeres
100%
Fantasy FC 89 CB Borussia Dortmund Waldamar Anton
100%
Fantasy FC 91 CM Paris Saint-Germain Warren Zaïre-Emery
100%
Fantasy FC 89 CM Bayer Leverkusen Aleix García
50%
Fantasy FC 89 CAM Hoffenheim Andrej Kramarić
50%
Fantasy FC Hero 92 ST Serie A Antonio Di Natale
50%
Fantasy FC Hero 91 ST Frauen-Bundesliga Célia Šašić
50%
Fantasy FC 89 GK Brighton Women Chiamaka Nnadozie
50%
Fantasy FC 91 ST Paris FC Féminines Clara Mateo
50%
Fantasy FC 91 CM Tottenham Hotspur Conor Gallagher
50%
Fantasy FC 90 CDM Liverpool Women Denise O'Sullivan
50%
Fantasy FC Hero 91 ST La Liga Diego Forlán
50%
Fantasy FC 91 ST Lyon Endrick
50%
Fantasy FC 88 LB FC Porto Francisco Moura
50%
Fantasy FC Hero 89 LW Premier League Gervinho
50%
Fantasy FC 88 CAM Napoli Giovane
50%
Fantasy FC 88 ST Real Sociedad Gonçalo Guedes
50%
Fantasy FC Hero 91 LW Premier League Harry Kewell
50%
Fantasy FC Hero 89 CAM Serie A Hidetoshi Nakata
50%
Fantasy FC Hero 91 CB Eredivisie Jaap Stam
50%
Fantasy FC Hero 89 CM Women's Super League Jill Scott
50%
Fantasy FC 88 CM PSV Eindhoven Joey Veerman
50%
Fantasy FC Hero 88 LB Premier League John Arne Riise
50%
Fantasy FC 88 ST Crystal Palace Jørgen Strand Larsen
50%
Fantasy FC 88 CB Augsburg Kevin Schlotterbeck
50%
Fantasy FC 88 RB Newcastle Lewis Miley
50%
Fantasy FC 88 CAM Como Martin Baturina
50%
Fantasy FC 85 ST Tottenham Hotspur Mathys Tel
50%
Fantasy FC 90 CDM Fenerbahçe Matteo Guendouzi
50%
Fantasy FC Hero 88 CAM Saudi Pro League Mohammed Noor
50%
Fantasy FC 88 ST AC Milan Niklas Füllkrug
50%
Fantasy FC 88 CM Beşiktaş Orkun Kökçü
50%
Fantasy FC 87 RW Fulham Oscar Bobb
50%
Fantasy FC Hero 90 CAM La Liga Pablo Aimar
50%
Fantasy FC Hero 90 LW Liga Portugal Paulo Futre
50%
Fantasy FC Hero 92 CB La Liga Rafael Márquez
50%
Fantasy FC 89 LW Feyenoord Raheem Sterling
50%
Fantasy FC Hero 90 RW Saudi Pro League Saeed Al Owairan
50%
Fantasy FC 88 ST Mainz 05 Sheraldo Becker
50%
Fantasy FC 88 LM Everton Tyrique George
50%
Fantasy FC Hero 91 RW Serie A Víctor Ibarbo
50%
Fantasy FC Hero 92 CAM Serie A Wesley Sneijder
50%
Fantasy FC Hero 92 CDM Premier League Yaya Touré
50%
Fantasy FC 87 CB NEC Nijmegen Ahmetcan Kaplan
0%
Fantasy FC 87 RB Villarreal Alex Freeman
0%
Fantasy FC 85 RB Bournemouth Álex Jiménez
0%
Fantasy FC 85 CAM Manchester United Amad Diallo
0%
Fantasy FC 85 CAM Leeds United Brenden Aaronson
0%
Fantasy FC 87 CB Nantes Féminines Caitlin Cosme
0%
Fantasy FC 87 ST Sociedad Femenino Claire Lavogez
0%
Fantasy FC Hero 89 CAM Premier League Clint Dempsey
0%
Fantasy FC 88 CAM Al-Ahli Enzo Millot
0%
Fantasy FC 88 CM Levante Badalona Estefania Banini
0%
Fantasy FC 88 RM Lille OSC Félix Correia
0%
Fantasy FC 87 CM Hoffenheim Frauen Franziska Harsch
0%
Fantasy FC 87 ST Atalanta Gianluca Scamacca
0%
Fantasy FC 87 RB Strasbourg Féminines Grace Kazadi
0%
Fantasy FC 87 CM Sporting CP Hidemasa Morita
0%
Fantasy FC Hero 90 ST La Liga Iván Zamorano
0%
Fantasy FC 89 CM Man United Women Jess Park
0%
Fantasy FC 88 RB Wolfsburg Frauen Joelle Wedemeyer
0%
Fantasy FC Hero 89 ST Premier League Josh Brolin
0%
Fantasy FC 88 CB Al Hilal Kalidou Koulibaly
0%
Fantasy FC 85 CM Everton Kiernan Dewsbury-Hall
0%
Fantasy FC 88 LM Leverkusen Frauen Kristin Kögel
0%
Fantasy FC 85 LM Arsenal Leandro Trossard
0%
Fantasy FC 87 RM Inter Milan Luiz Henrique
0%
Fantasy FC 87 CDM CD Nacional Matheus Dias
0%
Fantasy FC 85 RB Manchester City Matheus Nunes
0%
Fantasy FC 87 RB Feyenoord Mats Deijl
0%
Fantasy FC 87 ST Werder Frauen Medina Dešić
0%
Fantasy FC 87 LW Ajax Mika Godts
0%
Fantasy FC 85 LB Liverpool Milos Kerkez
0%
Fantasy FC 87 CM Real Betis Nelson Deossa
0%
Fantasy FC 88 LB Bilbao Femenino Nerea Nedavo
0%
Fantasy FC 87 ST RC Lens Odsonne Édouard
0%
Fantasy FC 87 CAM Spurs Women Olivia Holdt
0%
Fantasy FC Hero 89 LM Eredivisie Park Ji-Sung
0%
Fantasy FC 87 ST Trabzonspor Paul Onuachu
0%
Fantasy FC 85 ST Fulham Raúl Jiménez
0%
Fantasy FC 85 GK Chelsea Robert Sánchez
0%
Fantasy FC 89 ST PSG Féminine Romée Leuchter
0%
Fantasy FC 88 CDM Man City Women Sam Coffey
0%
Fantasy FC 87 CM Madrid Femenino Sandie Toletti
0%
Fantasy FC 89 CB Arsenal Women Steph Catley
0%
Fantasy FC Hero 88 ST Premier League Tim Cahill
0%
Fantasy FC Hero 88 CAM Bundesliga Tomáš Rosický
0%
No matching quizzes found
Score Distribution
Percent of People with Each Score
Percentile by Number Answered
Your Score History
You have not taken this quiz since the last reset